000 01251nam a2200373 i 4500
001 26360
003 KOSZ 005
005 20190723115331.0
008 070608s1971 pl a f |000 0 pol
015 _aPB 1971/3664
035 _a(OCoLC)802130482
040 _aWA N
_cWA N
_dKOSZ 005/EC
041 _apol
046 _k1971
080 _a663.9
650 4 _aTechnologia
710 2 _aWydawnictwa Naukowo-Techniczne
_4pbl.
999 _c26360
_d26360
999 _bss
100 1 _aBarlińska, Henryka.
_eAutor
245 1 0 _aWytwarzanie korpusów i nadzień do wyrobów czekoladowych /
_cH. Barlińska, W. Nawalany.
260 _aWarszawa :
_bWydawnictwa Naukowo-Techniczne,
_cdr. 1971.
300 _a196, [4] s., [2] k. tabl. :
_bil. ;
_c23 cm.
380 _aKsiążki.
388 _a1901-2000
388 _a1945-1989
490 1 _aBiblioteka Piekarza i Cukiernika.
500 _aNa okł. inicjał imienia drugiego aut. mylnie M.
650 4 _aSłodycze
650 4 _aCzekolada
700 1 _aNawalany, Władysław.
_eAutor
830 0 _aBiblioteka Piekarza i Cukiernika.
856 _uhttp://koha.tu.koszalin.pl/cgi-bin/koha/opac-detail.pl?biblionumber=26360
_yKatalog online BPK
942 _2UKD
_cKS